| 000 | 01162nam a22002295i 4500 | ||
|---|---|---|---|
| 001 | 166761 | ||
| 003 | ES-MaACL | ||
| 005 | 20230906213409.0 | ||
| 008 | 960409s1880 sp |||| | spa d | ||
| 040 |
_aCLM _bspa _cCLM |
||
| 100 | 1 |
_aUgaldezubiaur, Santiago. _9133438 |
|
| 245 | 1 | 0 |
_aComisión de la Flora y Estadística forestal _b: memoria descriptiva de la provincia de Manila / _cpor ... Santiago Ugaldezubiaur. |
| 260 |
_aMadrid : _b[s.n.], _c1880 ( _fImprenta de Ramón Moreno y Ricardo Rojas) |
||
| 300 |
_a48 p. ; _c24 cm. |
||
| 530 | _aDisponible también en sitio web. | ||
| 594 | _aPrecede al tít.: Inspección General de Montes de Las Islas Filipinas. | ||
| 650 | 4 |
_aFlora- _zManila. _9151950 |
|
| 650 | 4 |
_aBosques- _zManila. _9151951 |
|
| 710 | 2 |
_aComisión de la Flora y Estadística Forestal. _9151952 |
|
| 852 |
_aES-MaACL _jG-9534(1) _z-- Enc. hol., falto de la enc. original _z.- Enc. en un vol. facticio, formando parte de la col. facticia: "Revista de montes. Varios sobre montes, 1880-83, II" |
||
| 856 |
_uhttp://bibliotecadigitalhispanica.bne.es:80/webclient/DeliveryManager?pid=1630725&custom_att_2=simple_viewer _zIr a la página |
||
| 999 |
_c166761 _d166761 |
||